Nirvana - Tourette's (All Lyrics) - Statistics

General Stats
  • This quiz has been taken 59 times
  • The average score is 31 of 61
Answer Stats
Lyrics % Correct
a
78%
heart
78%
heart
78%
heart
78%
heart
78%
heart
78%
heart
78%
heart
78%
heart
78%
heart
78%
my
73%
my
73%
my
73%
my
73%
my
73%
my
73%
my
73%
my
73%
Cold
59%
day
59%
day
59%
day
59%
every
59%
Hey
59%
May
59%
of
51%
of
51%
of
51%
of
51%
all
49%
at
49%
attack
46%
Mean
46%
We
46%
We
46%
don't
43%
had
41%
Out
41%
out
41%
anything
35%
Could've
35%
fair
35%
is
35%
know
35%
something
35%
the
35%
the
35%
want
32%
on
30%
town
30%
door
27%
One
27%
One
27%
sight
27%
lies
24%
more
24%
more
24%
phone
24%
Queen
24%
today
24%
not
14%
No matching quizzes found
Score Distribution
Percent of People with Each Score
Percentile by Number Answered
Your Score History
You have not taken this quiz